02702namaa2200373uu 4500001001000000003000600010005001700016006001900033007001500052008004100067040001700108041000800125042000700133072001600140720002400156245008600180260005100266300003100317336002600348337002600374338003600400506005100436520146600487540006301953546001202016650003202028653003302060653001902093653004102112720002402153793001802177856011602195999001702311doab38153oapen20260305123947.0m o d cr|mn|---annan210210s2019 xx |||||o ||| 0|eng d aoapencoapen0 aeng adc 7aMBX2bicssc1 aSzreter, Simon4edt00aThe Hidden AfflictionbSexually Transmitted Infections and Infertility in History aRochesterbUniversity of Rochester Pressc2019 a1 online resource (450 p.) atextbtxt2rdacontent acomputerbc2rdamedia aonline resourcebcr2rdacarrier0 aFree-to-readfUnrestricted online access2star aA multidisciplinary group of prominent scholars investigates the historical relationship between sexually transmitted infections and infertility. Untreated gonorrhea and chlamydia cause infertility in a proportion of women and men. Unlike the much-feared venereal disease of syphilis--"the pox"--gonorrhea and chlamydia are often symptomless, leaving victims unaware of the threat to their fertility. Science did not unmask the causal microorganisms until the late nineteenth and twentieth centuries. Their effects on fertility in human history remain mysterious. This is the first volume to address the subject across more than two thousand years of human history. Following a synoptic editorial introduction, part 1 explores the enigmas of evidence from ancient and early modern medical sources. Part 2 addresses fundamental questions about when exactly these diseases first became human afflictions, with new contributions from bioarcheology, genomics, and the history of medicine, producing surprising new insights. Part 3 presents studies of infertility and its sociocultural consequences in nineteenth- and twentieth-century Africa, Oceania, and Australia. Part 4 examines the quite different ways the infertility threat from STIs was perceived--by scientists, the public, and government--in late nineteenth- and early twentieth-century Germany, France, and Britain, concluding with a pioneering empirical estimate of the infertility impact in Britain. aAll rights reserveduhttp://oapen.org/content/about-rights aEnglish 7aHistory of medicine2bicssc aMedical & Scientific History aModern History aRochester Studies in Medical History1 aSzreter, Simon4oth0 aDOAB Library.40uhttps://directory.doabooks.org/handle/20.500.12854/3815370zFree-to-read: DOAB: description of the publication c92802d92802